| 000 | 00553nam a2200181 i 4500 | ||
|---|---|---|---|
| 001 | 37554 | ||
| 003 | ES-MaACL | ||
| 005 | 20230906155611.0 | ||
| 007 | t| | ||
| 008 | 030221q1952 sp ||||1| spa d | ||
| 080 | _a398.332.41(460.23) | ||
| 100 | 1 |
_aCaballé y Clós, Tomás. _933066 |
|
| 245 | 1 | 3 |
_aEl belén catalán espejo del belén mundial : _bobra póstuma / _cTomás Caballé y Clos. |
| 260 |
_aBarcelona : _bFreixinet, _c[1952?] ( _fTypus) |
||
| 300 |
_a302 p., 32 lám. ; _c25 cm. |
||
| 650 | 4 |
_aBelenes. _9168515 |
|
| 852 | 4 |
_aES-MaACL _jD-7165 |
|
| 999 |
_c37554 _d37554 |
||